[Event "London Classic Open 2014"]
[Site "London ENG"]
[Date "2014.12.13"]
[Round "6.10"]
[White "Cumming, Rhys"]
[Black "Sadzikowski, Daniel"]
[Result "1/2-1/2"]
[BlackTitle "IM"]
[WhiteElo "2057"]
[BlackElo "2492"]
[WhiteFideId "470163"]
[BlackFideId "1132253"]
[EventDate "2014.12.08"]

1. e4 e5 2. Nc3 Nf6 3. Bc4 Nxe4 4. Qh5 Nd6 5. Bb3 Nc6 6. Nb5 g6 7. Qf3 f5 8. Qd5
Qe7 9. Nxc7+ Kd8 10. Nxa8 b6 11. Qd3 Bb7 12. Nxb6 axb6 13. Ne2 Nd4 14. O-O Qg5
15. f3 N6b5 16. Nc3 Bc5 17. Kh1 Nd6 18. Bd5 Bxd5 19. Nxd5 e4 20. Qe3 f4 21. Qxf4
Qxd5 22. fxe4 Qxe4 23. Qf6+ Kc7 24. d3 Qe8 25. b4 Ne6 26. bxc5 Rf8 27. cxd6+ Kb7
28. Bb2 Rxf6 29. Bxf6 Kc6 30. Be5 Qa8 31. d4 Kd5 32. c3 Qc6 33. Rab1 Qxc3 34.
Rxb6 Qa5 35. Rb2 Qa3 36. Rfb1 h5 37. h3 g5 38. Re2 Qd3 39. Ree1 1/2-1/2

[Event "London Classic Open 2014"]
[Site "London ENG"]
[Date "2014.12.13"]
[Round "6.11"]
[White "Greenfeld, Alon"]
[Black "Salomon, Johan"]
[Result "1-0"]
[WhiteTitle "GM"]
[BlackTitle "FM"]
[WhiteElo "2536"]
[BlackElo "2343"]
[WhiteFideId "2800039"]
[BlackFideId "1509500"]
[EventDate "2014.12.08"]

1. c4 e5 2. g3 Nc6 3. Bg2 f5 4. Nc3 Nf6 5. Nf3 Bb4 6. Nd5 Bd6 7. b4 Nxd5 8. cxd5
Nxb4 9. Bb2 Qe7 10. O-O O-O 11. Qb3 e4 12. Nd4 Qf7 13. f3 Qxd5 14. fxe4 Qxb3 15.
axb3 fxe4 16. Bxe4 Re8 17. Bg2 c6 18. Bc3 Bc5 19. e3 d5 20. Ra4 Nd3 21. Nf5 Bf8
22. Rh4 b5 23. Rd4 Nc5 24. Rdf4 Ne6 25. Rg4 g6 26. h4 a5 27. h5 g5 28. Nd4 h6
29. Nxc6 Nc7 30. Rd4 b4 31. Ba1 Be6 32. Rd3 a4 33. Be5 Na6 34. bxa4 Rac8 35. Na7
Ra8 36. Nb5 Rad8 37. Nc7 Nxc7 38. Bxc7 Rd7 39. Bb6 Bg7 40. a5 d4 41. Bc6 Bc4 42.
Bxd7 Re7 43. Bf5 1-0

[Event "London Classic Open 2014"]
[Site "London ENG"]
[Date "2014.12.13"]
[Round "6.12"]
[White "Gourlay, Iain"]
[Black "Hebden, Mark L"]
[Result "1/2-1/2"]
[WhiteTitle "FM"]
[BlackTitle "GM"]
[WhiteElo "2360"]
[BlackElo "2523"]
[WhiteFideId "2401533"]
[BlackFideId "400084"]
[EventDate "2014.12.08"]

1. Nf3 Nf6 2. g3 g6 3. Bg2 Bg7 4. O-O O-O 5. c4 d6 6. Nc3 Nc6 7. Rb1 a5 8. a3 e5
9. d3 Nd4 10. Nxd4 exd4 11. Nb5 Ng4 12. h3 Nxf2 13. Rxf2 c6 14. Qb3 a4 15. Qb4
cxb5 16. Qxb5 Ra5 17. Qb4 Ra6 18. b3 axb3 19. Qxb3 Qa5 20. Qb4 Be5 21. Bf4 Qxa3
22. Bxb7 Qxb4 23. Rxb4 Ra1+ 24. Kg2 Be6 25. Rb5 Rb8 26. Bc6 Rxb5 27. Bxb5 Kf8
28. Bc6 Ke7 29. g4 f6 30. Be4 Re1 31. Bd2 Rd1 32. Bf4 Rb1 33. Bxe5 dxe5 34. Rf1
Rb2 35. Rf2 Rc2 36. Kg3 f5 37. gxf5 gxf5 38. Bxf5 Bxf5 39. Rxf5 Rxe2 40. Rf2 Re1
41. Rf3 Rd1 42. Kf2 Rd2+ 43. Ke1 Rh2 44. Rf5 Rxh3 45. Rxe5+ Kf6 46. Re4 Rxd3 1/2-1/2

[Event "London Classic Open 2014"]
[Site "London ENG"]
[Date "2014.12.13"]
[Round "6.13"]
[White "Jackson, James P"]
[Black "Piorun, Kacper"]
[Result "0-1"]
[WhiteTitle "FM"]
[BlackTitle "GM"]
[WhiteElo "2356"]
[BlackElo "2517"]
[WhiteFideId "416860"]
[BlackFideId "1130420"]
[EventDate "2014.12.08"]

1. e4 c5 2. Nf3 e6 3. d4 cxd4 4. Nxd4 Nc6 5. Nc3 Qc7 6. Be3 Nf6 7. f3 a6 8. Qd2
Be7 9. O-O-O h5 10. g3 b5 11. Rg1 Bb7 12. h3 Nxd4 13. Bxd4 e5 14. Be3 Bc5 15. g4
hxg4 16. hxg4 Bxe3 17. Qxe3 Rc8 18. Bd3 Ke7 19. Rh1 d6 20. Kb1 Qc5 21. Qd2 Bc6
22. a3 Rxh1 23. Rxh1 a5 24. Na2 Qb6 25. c3 g6 26. Bc2 Qb8 27. c4 Qb6 28. cxb5
Qxb5 29. Bd3 Qb6 30. Nc3 Rb8 31. Bc4 Qc5 32. Qd3 g5 33. Ka1 a4 34. Nd1 d5 35.
exd5 Nxd5 36. Bxd5 Qc1+ 37. Ka2 Rd8 38. Nc3 Qxh1 39. Qe4 Rxd5 40. Nxd5+ Kd6 41.
Qb4+ Kxd5 42. Qe7 Qxf3 0-1

[Event "London Classic Open 2014"]
[Site "London ENG"]
[Date "2014.12.13"]
[Round "6.14"]
[White "Buckley, Graeme N"]
[Black "Fodor, Tamas Jr."]
[Result "0-1"]
[WhiteTitle "IM"]
[BlackTitle "GM"]
[WhiteElo "2327"]
[BlackElo "2499"]
[WhiteFideId "402265"]
[BlackFideId "723762"]
[EventDate "2014.12.08"]

1. d4 d5 2. c4 c6 3. Nf3 Nf6 4. Nc3 e6 5. e3 Nbd7 6. Qc2 Bd6 7. Be2 dxc4 8. a4
O-O 9. Nd2 e5 10. Nxc4 Bc7 11. O-O exd4 12. exd4 Nb6 13. Nxb6 axb6 14. Rd1 h6
15. d5 cxd5 16. Nb5 Bb8 17. h3 Bd7 18. Nd4 Re8 19. Bb5 Bxb5 20. Nxb5 Qe7 21. Qc3
Ne4 22. Qf3 Qb4 23. Nc3 Nxc3 24. bxc3 Qc4 25. Be3 b5 26. Rxd5 Qxc3 27. Rad1 bxa4
28. Rd7 Qf6 29. Qxb7 Be5 30. Qb4 a3 31. Bd4 a2 32. Qc3 Bxd4 33. R7xd4 Reb8 0-1

[Event "London Classic Open 2014"]
[Site "London ENG"]
[Date "2014.12.13"]
[Round "6.15"]
[White "Gormally, Daniel W"]
[Black "Schoorl, Rob"]
[Result "1-0"]
[WhiteTitle "GM"]
[BlackTitle "FM"]
[WhiteElo "2499"]
[BlackElo "2327"]
[WhiteFideId "406465"]
[BlackFideId "1009508"]
[EventDate "2014.12.08"]

1. d4 f5 2. Bg5 g6 3. Nd2 Bg7 4. e4 fxe4 5. Nxe4 d5 6. Ng3 Nh6 7. Nh5 gxh5 8.
Bxh6 Bg4 9. Qd2 Bxh6 10. Qxh6 Qd6 11. Qd2 Nc6 12. Bb5 Qe6+ 13. Ne2 O-O-O 14. f3
Bf5 15. O-O-O Rhg8 16. Nf4 Qd6 17. Bxc6 Qxc6 18. Rde1 Qa4 19. Kb1 Rd6 20. Rxe7
Ra6 21. a3 Rc6 22. Rc1 Rc4 23. Nxd5 Rxd4 24. Qc3 c6 25. b3 Qxa3 26. Re5 Rd3 27.
cxd3 Rxg2 28. Re8+ Kd7 29. Re7+ Kd6 30. Qe5# 1-0

[Event "London Classic Open 2014"]
[Site "London ENG"]
[Date "2014.12.13"]
[Round "6.16"]
[White "Hector, Jonny"]
[Black "Holm, Kristian Stuvik"]
[Result "1/2-1/2"]
[WhiteTitle "GM"]
[BlackTitle "FM"]
[WhiteElo "2477"]
[BlackElo "2326"]
[WhiteFideId "1700090"]
[BlackFideId "1508083"]
[EventDate "2014.12.08"]

1. e4 c5 2. Nf3 Nc6 3. Nc3 g6 4. Bc4 Bg7 5. O-O d6 6. h3 e6 7. a3 Nge7 8. d3 a6
9. Ba2 O-O 10. Be3 Nd4 11. Bxd4 cxd4 12. Ne2 Qb6 13. Qd2 h6 14. a4 Kh7 15. a5
Qc5 16. c3 dxc3 17. bxc3 Qc7 18. Nfd4 Bd7 19. f4 e5 20. fxe5 dxe5 21. Nc2 f5 22.
Ne3 Bc6 23. Bb1 fxe4 24. dxe4 Rxf1+ 25. Nxf1 Bb5 26. Neg3 Rc8 27. Ne2 Rd8 28.
Qe1 Bxe2 29. Qxe2 Qxc3 30. Ra2 Nc6 31. Qb2 Qxb2 32. Rxb2 Nxa5 33. Ne3 Bf8 34.
Nd5 Bc5+ 35. Kh2 Rf8 36. Rc2 b6 37. Rc3 Nb7 38. Bd3 a5 39. Ba6 Nd6 40. Nxb6 Nxe4
41. Rc4 Bxb6 42. Rxe4 Bd4 43. Re2 Rf2 44. Kg3 Rxe2 45. Bxe2 a4 46. Kf3 a3 47.
Bc4 Kg7 48. Ke4 Kf6 49. Ba2 Ke7 50. Kd5 Kd7 51. Bb1 Kc7 52. Ke4 Kd6 53. Ba2 Kc5
54. Kd3 Kb4 55. Bf7 Bf2 56. Bd5 Bh4 57. Bf7 Bg3 58. Bg8 e4+ 59. Kxe4 Kc3 60. Kf3
Be1 61. Kg4 Bd2 62. h4 Kb2 63. h5 gxh5+ 1/2-1/2

[Event "London Classic Open 2014"]
[Site "London ENG"]
[Date "2014.12.13"]
[Round "6.17"]
[White "Paterek, Michal"]
[Black "Dourerassou, Jonathan"]
[Result "0-1"]
[WhiteTitle "FM"]
[BlackTitle "IM"]
[WhiteElo "2313"]
[BlackElo "2469"]
[WhiteFideId "1116142"]
[BlackFideId "628050"]
[EventDate "2014.12.08"]

1. d4 Nf6 2. c4 g6 3. Nc3 d5 4. cxd5 Nxd5 5. Bd2 Bg7 6. e4 Nf6 7. Nf3 O-O 8. Bc4
c6 9. a4 Bg4 10. Be3 Qb6 11. Qe2 Bxf3 12. gxf3 Nh5 13. e5 Kh8 14. f4 Qa5 15. Qd2
c5 16. d5 f6 17. e6 f5 18. Ne2 Qb6 19. a5 Qc7 20. O-O Nf6 21. Rfc1 Rd8 22. Nc3
Na6 23. Bxa6 bxa6 24. Rd1 Rab8 25. Qe2 Qd6 26. Qc4 Rdc8 27. Na4 Rb4 28. Qa2 Nh5
29. Rac1 Nxf4 30. Rxc5 Rxc5 31. Nxc5 Ne2+ 32. Kg2 f4 33. Nd3 fxe3 34. Nxb4 Nf4+
35. Kf3 e2 36. Rc1 Qe5 37. Rc8+ Bf8 38. Rxf8+ Kg7 39. Rf7+ Kh6 40. Nc2 Nd3 41.
Ne3 Qd4 42. h4 Qxh4 43. Qb1 Qxf2+ 44. Ke4 e1=Q 45. Qxe1 Nc5+ 46. Kd4 Nb3+ 47.
Kc4 Qxe1 48. Ng4+ Kg5 49. Kxb3 Qd1+ 50. Kc4 Qa4+ 51. b4 Qb5+ 52. Kc3 Kxg4 53.
Rxe7 Qxd5 54. Rxa7 Qf3+ 55. Kc4 Qe4+ 56. Kc5 Qe3+ 57. Kd6 Qd4+ 58. Ke7 Qxa7+ 59.
Kf6 Qd4+ 60. Kf7 Qf4+ 61. Ke8 Qxb4 62. e7 Qxa5 0-1

[Event "London Classic Open 2014"]
[Site "London ENG"]
[Date "2014.12.13"]
[Round "6.18"]
[White "Wells, Peter K"]
[Black "Haugli, Petter"]
[Result "1-0"]
[WhiteTitle "GM"]
[BlackTitle "IM"]
[WhiteElo "2468"]
[BlackElo "2283"]
[WhiteFideId "400327"]
[BlackFideId "1500104"]
[EventDate "2014.12.08"]

1. d4 d5 2. c4 dxc4 3. Nf3 Nf6 4. e3 Bg4 5. Bxc4 e6 6. O-O c5 7. Qa4+ Nbd7 8.
Ne5 Bh5 9. d5 exd5 10. Nxd7 Nxd7 11. Bxd5 Qc7 12. Nc3 Be7 13. g4 Bg6 14. e4 O-O
15. f4 h6 16. f5 Bh7 17. Bf4 Qc8 18. Qb5 Nb6 19. Rad1 Kh8 20. a4 Bg8 21. a5 Nxd5
22. Nxd5 Bh4 23. Rf3 Qc6 24. Qe2 Bd8 25. Rh3 f6 26. Bxh6 gxh6 27. Rxh6+ Kg7 28.
Rg6+ Kh8 29. Rh6+ Kg7 30. g5 Bxd5 31. Qh5 Rg8 32. exd5 Qc7 33. Rh7+ Kf8 34. Qh6+
Ke8 35. Re1+ Be7 36. Qxf6 1-0

[Event "London Classic Open 2014"]
[Site "London ENG"]
[Date "2014.12.13"]
[Round "6.19"]
[White "Mihajlov, Sebastian"]
[Black "Fernandez, Daniel Howard"]
[Result "0-1"]
[WhiteTitle "FM"]
[BlackTitle "IM"]
[WhiteElo "2278"]
[BlackElo "2454"]
[WhiteFideId "1512110"]
[BlackFideId "5801605"]
[EventDate "2014.12.08"]

1. d4 c5 2. c3 Qa5 3. dxc5 Qxc5 4. e4 Nf6 5. Bd3 g6 6. Ne2 Bg7 7. O-O O-O 8. Be3
Qc7 9. f3 d5 10. Nd2 Nc6 11. Qc1 Ne5 12. Bc2 b6 13. Nf4 Ba6 14. Rd1 e6 15. exd5
exd5 16. Nf1 Rad8 17. Nd3 Nc4 18. Bd4 Rfe8 19. Ne3 Nh5 20. Nb4 Bxd4 21. Rxd4 Nf4
22. Bd1 Nxe3 23. Nxa6 Qe5 24. Qd2 Nxd1 25. Rxd1 Ne2+ 26. Kf2 Nxd4 27. Qxd4 Qe2+
28. Kg1 Qxa6 0-1

[Event "London Classic Open 2014"]
[Site "London ENG"]
[Date "2014.12.13"]
[Round "6.20"]
[White "Britton, Richard L"]
[Black "Hagen, Andreas Skytte"]
[Result "0-1"]
[WhiteTitle "FM"]
[BlackTitle "IM"]
[WhiteElo "2230"]
[BlackElo "2430"]
[WhiteFideId "401692"]
[BlackFideId "1407341"]
[EventDate "2014.12.08"]

1. e4 e5 2. Nf3 Nc6 3. Bb5 Nf6 4. O-O Nxe4 5. d4 Nd6 6. Bxc6 dxc6 7. dxe5 Nf5 8.
Qxd8+ Kxd8 9. Nc3 Bd7 10. h3 h6 11. b3 Kc8 12. Bb2 b6 13. Ne2 c5 14. g4 Ne7 15.
Nf4 Bc6 16. Ne1 Nd5 17. Neg2 Kb7 18. Nxd5 Bxd5 19. Rad1 Bc6 20. Nf4 a5 21. a4 c4
22. f3 Bc5+ 23. Kg2 Rhd8 24. Bc3 g5 25. Ne2 cxb3 26. cxb3 Bd5 27. Rb1 Be6 28. f4
Rd3 29. f5 Bd5+ 30. Kh2 h5 31. gxh5 Bf3 32. Rxf3 Rxf3 33. e6 Rf2+ 34. Kg3 Rxe2
35. Bg7 fxe6 36. f6 Re4 37. h6 Rh4 38. Rc1 Bd6+ 39. Kg2 Bf8 40. Re1 Rxh6 41.
Bxh6 Bxh6 42. Rxe6 Rd8 43. f7 Bf8 44. Re8 Kc8 45. Kf3 Kd7 46. Re2 Bd6 47. Kg4
Rf8 48. Kxg5 Rxf7 49. h4 Be7+ 50. Kg6 Rf6+ 51. Kg7 Rf5 52. Kg6 Rf3 53. h5 Ke8
54. Kg7 Rxb3 55. h6 Rg3+ 56. Kh7 Kd7 57. Rf2 Bg5 58. Rf7+ Kc6 59. Rg7 Bf4 0-1

[Event "London Classic Open 2014"]
[Site "London ENG"]
[Date "2014.12.13"]
[Round "6.21"]
[White "Adair, James R"]
[Black "Kerigan, Demre"]
[Result "0-1"]
[WhiteTitle "IM"]
[BlackTitle "FM"]
[WhiteElo "2428"]
[BlackElo "2277"]
[WhiteFideId "406252"]
[BlackFideId "6307841"]
[EventDate "2014.12.08"]

1. e4 d6 2. d4 Nf6 3. Nc3 g6 4. f4 Bg7 5. Nf3 O-O 6. Be3 b6 7. Qd2 Bb7 8. e5 Ng4
9. O-O-O c5 10. dxc5 Nxe3 11. Qxe3 bxc5 12. h4 Nc6 13. h5 Qc8 14. hxg6 hxg6 15.
Nd5 Re8 16. Bb5 Rb8 17. f5 Qxf5 18. g4 Qe6 19. Rh7 Nxe5 20. Rxg7+ Kxg7 21. Nc7
Qxa2 22. Nxe8+ Rxe8 23. Nxe5 Qa1+ 24. Kd2 Qa5+ 25. Qc3 Qxb5 26. Nc4+ Kg8 27. Kc1
Qb4 28. Qd3 Ba6 29. b3 Bxc4 30. bxc4 Rb8 31. Qe2 Qb2+ 32. Kd2 Qd4+ 33. Ke1 Qf6
34. Kd2 Kg7 35. Qe3 Rh8 36. Re1 Rh2+ 37. Kd3 Rf2 0-1

[Event "London Classic Open 2014"]
[Site "London ENG"]
[Date "2014.12.13"]
[Round "6.22"]
[White "Jurgensen, Graham"]
[Black "Zumsande, Martin"]
[Result "0-1"]
[WhiteTitle "CM"]
[BlackTitle "IM"]
[WhiteElo "2070"]
[BlackElo "2428"]
[WhiteFideId "14300788"]
[BlackFideId "4651324"]
[EventDate "2014.12.08"]

1. e4 e6 2. d4 d5 3. Nc3 Nf6 4. Bg5 Bb4 5. e5 h6 6. Bd2 Bxc3 7. bxc3 Ne4 8. Bd3
Nxd2 9. Qxd2 c5 10. Nf3 Nc6 11. Bb5 Bd7 12. Bxc6 Bxc6 13. dxc5 Bb5 14. a4 Ba6
15. Nd4 Qa5 16. Nb3 Qc7 17. Qe3 O-O 18. f4 Rac8 19. h4 f6 20. exf6 Rxf6 21. g3
Bc4 22. O-O-O Qc6 23. Kb2 Qxa4 24. Ra1 Qc6 25. Rhg1 a6 26. Ra3 b6 27. cxb6 Rb8
28. g4 Qxb6 29. Qxb6 Rxb6 30. g5 hxg5 31. fxg5 Rf4 32. Rh1 Rg4 33. Rh2 e5 34.
Ra5 e4 35. Rc5 e3 36. Rc8+ Kh7 37. Re8 e2 38. Rh1 Rf4 39. Rh2 Rf1 40. Rhxe2 Bxe2
41. Rxe2 Rh1 42. Rd2 Rxh4 43. Rxd5 Kg6 44. Ka3 Rg4 45. Nc5 Rxg5 46. Rxg5+ Kxg5
47. c4 Kf5 48. Nd7 Rc6 49. Kb4 g5 50. Nc5 g4 51. Nb3 Rb6+ 52. Ka5 Rxb3 0-1

[Event "London Classic Open 2014"]
[Site "London ENG"]
[Date "2014.12.13"]
[Round "6.23"]
[White "Nettleton, Charlie B"]
[Black "Guramishvili, Sopiko"]
[Result "0-1"]
[BlackTitle "IM"]
[WhiteElo "1910"]
[BlackElo "2388"]
[WhiteFideId "419710"]
[BlackFideId "13602888"]
[EventDate "2014.12.08"]

1. e4 c5 2. Nf3 d6 3. Bd3 Nc6 4. c3 Nf6 5. Bc2 Bg4 6. h3 Bxf3 7. Qxf3 g6 8. O-O
Bg7 9. d3 O-O 10. Re1 b5 11. Be3 Rc8 12. Qe2 b4 13. Ba4 bxc3 14. bxc3 Qa5 15.
Bxc6 Rxc6 16. Bd2 c4 17. d4 Rb8 18. e5 dxe5 19. Qxe5 Qxe5 20. Rxe5 e6 21. Ra5 a6
22. Na3 Ne4 23. Bf4 Rb2 24. Rb1 Rxb1+ 25. Nxb1 Rb6 26. Nd2 Nxc3 27. Be3 Ne2+ 28.
Kh2 c3 29. Nb3 Rc6 30. Rc5 Rxc5 31. dxc5 Kf8 32. Bg5 c2 33. c6 Ke8 34. g3 Be5
35. Nc1 Nd4 36. Kg2 Nxc6 37. Kf3 Bb2 38. Nd3 Nd4+ 39. Kg2 Ba3 40. Kf1 e5 41. Be3
e4 42. Nc1 Nf5 43. Bd2 e3 44. fxe3 Nxg3+ 0-1

[Event "London Classic Open 2014"]
[Site "London ENG"]
[Date "2014.12.13"]
[Round "6.24"]
[White "Kiik, Kalle"]
[Black "Dale, Ari"]
[Result "1/2-1/2"]
[WhiteTitle "IM"]
[BlackTitle "IM"]
[WhiteElo "2372"]
[BlackElo "2252"]
[WhiteFideId "4500075"]
[BlackFideId "3213145"]
[EventDate "2014.12.08"]

1. e4 c5 2. c3 d5 3. exd5 Qxd5 4. d4 Nf6 5. Nf3 e6 6. Na3 Qd8 7. Nc2 Nc6 8. Bg5
Qb6 9. Bxf6 gxf6 10. Bc4 Qxb2 11. O-O Qxc3 12. Bb5 Bd7 13. d5 O-O-O 14. Ne3 Ne5
15. Nxe5 fxe5 16. Rc1 Qa5 17. Bxd7+ Rxd7 18. Qh5 Bd6 19. Rfd1 Qc7 20. a4 Rhd8
21. g3 Bf8 22. dxe6 Rxd1+ 23. Nxd1 fxe6 24. Ne3 a6 25. Nc4 b5 26. axb5 axb5 27.
Nxe5 c4 28. Qe2 Bc5 29. Nxc4 bxc4 30. Qxe6+ Kb7 31. Rxc4 Rd1+ 32. Kg2 Qc6+ 1/2-1/2

[Event "London Classic Open 2014"]
[Site "London ENG"]
[Date "2014.12.13"]
[Round "6.25"]
[White "Zhou, Yang-Fan"]
[Black "Stamos, Filippos"]
[Result "0-1"]
[WhiteTitle "IM"]
[WhiteElo "2477"]
[BlackElo "2060"]
[WhiteFideId "468584"]
[BlackFideId "4242807"]
[EventDate "2014.12.08"]

1. e4 c5 2. Nf3 d6 3. d4 cxd4 4. Nxd4 Nf6 5. Nc3 Nc6 6. Bg5 e6 7. Qd2 a6 8.
O-O-O Bd7 9. f4 h6 10. Bh4 Nxe4 11. Qe1 Nf6 12. Nf5 Qa5 13. Nxd6+ Bxd6 14. Rxd6
Qc7 15. Rd2 O-O-O 16. Be2 Ne7 17. Bxf6 gxf6 18. Qh4 Bc6 19. Rxd8+ Rxd8 20. Qxf6
Ng6 21. Rg1 Qb6 22. Rd1 Qe3+ 23. Kb1 Rxd1+ 24. Bxd1 Qxf4 25. Qxf4 Nxf4 26. g3
Nd5 27. Nxd5 Bxd5 28. Be2 Kc7 29. c4 Be4+ 30. Kc1 a5 31. Kd2 Kd6 32. Ke3 Bb1 33.
a3 Kc5 34. Kd2 Kd4 35. b4 axb4 36. axb4 e5 37. c5 e4 38. Bb5 e3+ 39. Ke2 Be4 40.
Bd7 Bd5 41. Be8 f6 42. Bd7 Be4 43. Bc8 Bc6 44. Bf5 Bb5+ 45. Ke1 e2 46. Kf2 Kc3
47. Ke1 Kxb4 48. Bc8 Bc6 49. Kxe2 Kxc5 50. Ke3 Kd6 51. Kd4 Bd5 52. Bf5 b5 53.
Bd3 b4 54. Bc2 b3 55. Bh7 Be6 56. Bd3 Kc6 57. Bb1 Kb5 58. Kc3 Ka4 59. Kd4 Kb4
60. Ke4 Kc3 61. Kf4 Bc4 62. Ke3 b2 63. g4 Be6 64. h3 Kc4 65. Ke4 Kc3 66. Ke3 Bb3
67. h4 Bc2 68. Ba2 Bg6 69. Kf4 Kc2 70. Ke3 Kc1 71. Kd4 Bf7 0-1

[Event "London Classic Open 2014"]
[Site "London ENG"]
[Date "2014.12.13"]
[Round "6.26"]
[White "McDonald, Neil"]
[Black "Mihajlov, Svetoslav"]
[Result "0-1"]
[WhiteTitle "GM"]
[WhiteElo "2431"]
[BlackElo "2181"]
[WhiteFideId "400629"]
[BlackFideId "1507168"]
[EventDate "2014.12.08"]

1. e4 c5 2. Nf3 e6 3. d4 cxd4 4. Nxd4 a6 5. Bd3 Nc6 6. Nxc6 dxc6 7. O-O e5 8.
Nd2 Bd6 9. a4 a5 10. Nc4 Bc7 11. b3 Be6 12. Qh5 Nf6 13. Qg5 O-O 14. Ba3 Re8 15.
Rad1 Qb8 16. Rfe1 h6 17. Qh4 b5 18. Ne3 Bd8 19. Qg3 Nh5 20. Qf3 Nf4 21. axb5
cxb5 22. Bf1 b4 23. Bb2 a4 24. bxa4 Rxa4 25. g3 Ng6 26. Nd5 Ra5 27. Qb3 Bb6 28.
Bc4 Bc5 29. Ra1 Ra7 30. Kg2 Rxa1 31. Rxa1 Qc8 32. Kg1 Nf8 33. Ra6 Nd7 34. Bb5
Bxf2+ 35. Kxf2 Qc5+ 36. Qe3 Qxb5 37. Nc7 Qc4 38. Nxe8 Qxa6 39. Qd2 Bh3 40. Qd3
Qc6 41. Nd6 Nc5 42. Qd5 Qxd6 0-1

[Event "London Classic Open 2014"]
[Site "London ENG"]
[Date "2014.12.13"]
[Round "6.27"]
[White "Farrand, Tom"]
[Black "Milliet, Sophie"]
[Result "0-1"]
[BlackTitle "IM"]
[WhiteElo "2172"]
[BlackElo "2387"]
[WhiteFideId "406457"]
[BlackFideId "623725"]
[EventDate "2014.12.08"]

1. e4 c5 2. Nc3 Nc6 3. f4 g6 4. Nf3 Bg7 5. Bb5 Nd4 6. O-O a6 7. Bc4 e6 8. d3 Ne7
9. Nxd4 cxd4 10. Ne2 d5 11. Bb3 O-O 12. Ng3 Kh8 13. Bd2 a5 14. a4 b6 15. Qf3 Ra7
16. Rad1 Rc7 17. f5 exf5 18. Bg5 f6 19. Bf4 Rc5 20. exf5 Nxf5 21. Nxf5 Bxf5 22.
Rde1 b5 23. Qf2 bxa4 24. Qxd4 Rb5 25. Qxa4 Rb4 26. Qc6 Bxd3 27. Bc7 Qc8 28. cxd3
Rxb3 29. Re7 Rxb2 30. Qxd5 Qb7 31. Qxb7 Rxb7 32. Rfe1 a4 33. d4 a3 34. d5 a2 35.
Ra1 Rb1+ 36. Re1 Rxe1+ 37. Rxe1 f5 0-1

[Event "London Classic Open 2014"]
[Site "London ENG"]
[Date "2014.12.13"]
[Round "6.28"]
[White "Corsino, Gianluca"]
[Black "Cox, John J"]
[Result "0-1"]
[BlackTitle "IM"]
[WhiteElo "2140"]
[BlackElo "2361"]
[WhiteFideId "816930"]
[BlackFideId "401064"]
[EventDate "2014.12.08"]

1. d4 d5 2. c4 c6 3. Nc3 Nf6 4. cxd5 cxd5 5. Bf4 Nc6 6. e3 Bf5 7. Bd3 Bxd3 8.
Qxd3 e6 9. Rc1 Bd6 10. Bxd6 Qxd6 11. Nf3 O-O 12. O-O Nd7 13. Na4 Qb4 14. Qc2
Rfc8 15. a3 Qb5 16. Nc3 Qa6 17. Qe2 Qa5 18. Qb5 Qc7 19. Na4 a6 20. Qd3 Qd6 21.
Nc5 Nxc5 22. Rxc5 e5 23. Nxe5 Nxe5 24. Rxc8+ Rxc8 25. dxe5 Qxe5 26. Qb3 b5 27.
Rd1 Rc4 28. g3 h5 29. h4 g6 30. Kg2 Kg7 31. Qd3 Qxb2 32. Qxd5 Ra4 33. Rd4 Rxd4
34. Qe5+ Kh7 35. exd4 Qxa3 36. d5 Qc5 37. Qe4 b4 38. Qd3 Qd6 39. Qc4 a5 40. Qc6
Qxc6 41. dxc6 b3 42. c7 b2 43. c8=Q b1=Q 44. Qc4 Qb7+ 45. Kg1 Qd7 46. Qc5 a4 47.
Qb4 Qd1+ 48. Kg2 Qb3 0-1

[Event "London Classic Open 2014"]
[Site "London ENG"]
[Date "2014.12.13"]
[Round "6.29"]
[White "Hebbes, Tim"]
[Black "Amato, Andrea"]
[Result "0-1"]
[BlackTitle "FM"]
[WhiteElo "2126"]
[BlackElo "2338"]
[WhiteFideId "406570"]
[BlackFideId "813222"]
[EventDate "2014.12.08"]

1. d4 d6 2. e4 Nf6 3. Nc3 c6 4. Nf3 Bg4 5. h3 Bxf3 6. Qxf3 e6 7. Be3 d5 8. e5
Nfd7 9. Qg3 a6 10. f4 g6 11. h4 h5 12. Bd3 c5 13. dxc5 Nxc5 14. Bxc5 Bxc5 15.
O-O-O Nc6 16. f5 gxf5 17. Qg7 Rf8 18. Bxf5 Qe7 19. Bh3 Bd4 20. Qh7 Bxc3 21. bxc3
Nxe5 22. Rhe1 Qa3+ 23. Kd2 Nc4+ 24. Ke2 O-O-O 25. Qxh5 Qxc3 26. Rxd5 Rxd5 27.
Qxd5 Qe3+ 0-1

[Event "London Classic Open 2014"]
[Site "London ENG"]
[Date "2014.12.13"]
[Round "6.30"]
[White "Maisuradze, Nino"]
[Black "Haldorsen, Benjamin"]
[Result "1-0"]
[WhiteTitle "WGM"]
[WhiteElo "2323"]
[BlackElo "2096"]
[WhiteFideId "13601717"]
[BlackFideId "1512633"]
[EventDate "2014.12.08"]

1. d4 d5 2. Nf3 Nf6 3. c4 dxc4 4. e3 e6 5. Bxc4 a6 6. O-O c5 7. dxc5 Qxd1 8.
Rxd1 Bxc5 9. Be2 b6 10. Nc3 Nbd7 11. Nd2 Bb7 12. Nc4 Nd5 13. Ne4 O-O 14. Nxc5
Nxc5 15. f3 b5 16. Na5 Rac8 17. b4 Nc3 18. bxc5 Nxd1 19. Bxd1 Rfd8 20. Be2 Ba8
21. Nb3 Bd5 22. Ba3 Bc4 23. Kf2 Ra8 24. Bb4 Bxe2 25. Kxe2 f6 26. c6 Kf7 27. c7
Rd7 28. Ba5 Rc8 29. Nc5 Rd6 30. Nb7 Rd7 31. Rc1 1-0

[Event "London Classic Open 2014"]
[Site "London ENG"]
[Date "2014.12.13"]
[Round "6.31"]
[White "Gutkind, Kedem"]
[Black "Sanders, Isaac B"]
[Result "0-1"]
[BlackTitle "FM"]
[WhiteElo "2064"]
[BlackElo "2323"]
[WhiteFideId "1046519"]
[BlackFideId "417661"]
[EventDate "2014.12.08"]

1. e4 e5 2. Nf3 Nc6 3. Bb5 Nge7 4. O-O g6 5. c3 Bg7 6. d4 exd4 7. cxd4 a6 8. Bc4
b5 9. Bb3 O-O 10. Nc3 d6 11. h3 Na5 12. Bc2 c5 13. Bf4 cxd4 14. Nxd4 Nc4 15. Rb1
Bb7 16. Nde2 Rc8 17. Bb3 d5 18. exd5 Nxd5 19. Nxd5 Bxd5 20. Nc3 Bb7 21. Qxd8
Rfxd8 22. Bg5 Re8 23. Rfd1 h6 24. Bh4 Bc6 25. Bxc4 bxc4 26. Nd5 g5 27. Bg3 Bxd5
28. Rxd5 Re2 29. Kf1 Rxb2 30. Rxb2 Bxb2 31. Be5 c3 32. Ra5 Ba1 33. Bxc3 Bxc3 34.
Rxa6 Kg7 35. Ke2 Rc5 0-1